Návrh robotizovaného montážneho pracoviska pre montáž odstredivých čerpadiel TBH 200 Pompetraviany

Uložené v:
Podrobná bibliografia
Hlavný autor: Petrík, Lukáš (Autor)
Ďalší autori: Necpal, Martin (Vedúci práce)
Médium: Rukopis Kniha
Jazyk:Slovak
Vydavateľské údaje: 2017
Predmet:
On-line prístup:http://is.stuba.sk/zp/portal_zp.pl?podrobnosti=127109
Tagy: Pridať tag
Žiadne tagy, Buďte prvý, kto otaguje tento záznam!

MARC

LEADER 00000ntm a22000003a 4500
001 stuzp62512
003 SK-STU
005 20170610210550.2
007 ta
008 150427s2015----xo-----f-mn---000-0-slo-d
040 |a STU  |b slo 
041 0 |a slo 
100 1 |a Petrík, Lukáš  |u 063000  |k Z4  |4 aut  |U MTF Materiálovotechnologická fakulta  |T MTF Ústav výrobných technológií  |X 47117  |U M3000  |Y 83  |7 47117 
242 0 1 |a Design of robot installer facilities for centrifugal pumps TBH 200 Pompetraviany  |y eng 
245 1 0 |a Návrh robotizovaného montážneho pracoviska pre montáž odstredivých čerpadiel TBH 200 Pompetraviany 
260 |c 2017 
650 4 |a robotizácia  |2 slo 
650 4 |a robotizované pracovisko  |2 slo 
650 4 |a IRB 2600  |2 slo 
650 4 |a montáž  |2 slo 
650 4 |a návrh  |2 slo 
650 4 |a IRB 2600  |2 eng 
650 4 |a design  |2 eng 
650 4 |a robotics  |2 eng 
650 4 |a robot installer facilities  |2 eng 
650 4 |a assembly  |2 eng 
700 1 |a Necpal, Martin  |u 063600  |k Z1  |4 ths  |U MTF Ústav výrobných technológií  |T MTF Katedra obrábania a tvárnenia  |X 20985  |U M3600  |Y 841  |7 A000020985 
856 4 |u http://is.stuba.sk/zp/portal_zp.pl?podrobnosti=127109 
996 |c M* DP-13112  |l MMSKP  |s P  |a 0  |w stuzp62512_0001